1023 1767 1498 1511 1129 1004 1511 1150 1569 1679 1573 1189 1547 1206 1682 1282 1960 1167 1878 1589 1481 1888 1009 1500 1235 1983 1952 1533 1313 1899 1990 1700 1230 1406 1544 1114 1589 1016 1039 1177 1695 1082 1331 1145 1353 1639 1224 1292 1205 1562 1695 1774 1678 1883 1306 1994 1219 1648 1691 1194 1837 1387 1172 1515 1379 1125 1752 1357 1689 1148 1300 1997 1217 1068 1437 1952 1096 1334 1018 1645 1925 1471 1670 1107 1068 1354 1397 1887 1996 1522 1217 1706 1812 1582 1889 1226 1998 1490 1525 BCNSPRNW ULIB Ver.6.0+V

เปลี่ยนเป็นภาษาไทย

Change to English
 แสดงรายละเอียดบรรณานุกรม
  กลับหน้าหลัก

Brief Record : Get Marc (ISO 2709) : E-mail record : QR code < ปิดหน้าต่าง
LEADER : 00000nam a2200000 a 4500
001    13399114653
003     ULIB
008    020628s2544 th 000 0 tha d
020    ^a9744471638
040    ^abra
060 04 ^aWY26.5^bร654พ
100 0  ^aรุจา ภู่ไพบูลย์
245 10 ^aพยาบาลสารสนเทศ =^bnursing informatics /^cโดย รุจา ภู่ไพบูลย์, เกียรติศรี สำราญเวชพร
250    ^aพิมพ์ครั้งที่ 2
260    ^aกรุงเทพฯ :^bคณะแพทยศาสตร์โรงพยาบาลรามาธิบดี มหาวิทยาลัยมหิดล,^c2544
300    ^a[10] 168 หน้า ;^c26 ซม.
500    ^aSend to Single Search
504    ^aภาคผนวกและดรรชนี
650  2 ^aNursing
650  4 ^aการพยาบาล
650  4 ^aสารสนเทศ
700 0  ^aเกียรติศรี สำราญเวชพร
710 2  ^aมหาวิทยาลัยมหิดล.^bคณะแพทยศาสตร์โรงพยาบาลรามาธิบดี
945    ^p0^l0^i031701
945    ^p0^l0^i031702
995    ^aทศพร
999 ^a ใช้งานได้ทุกระบบ
รายการนี้ยังไม่มีแท็ก
คุณยังไม่ได้ล็อกอิน คุณสามารถมีกิจกรรมร่วมกับเว็บไซต์ได้ แต่ต้องล็อกอินก่อน ::
  ล็อกอิน

รายการสื่อสารสนเทศ

ลำดับที่ ประเภท เลขเรียก/บาร์โค้ด สถานที่ สถานะ
- ไม่พบข้อมูล -

รายการใกล้เคียง
    ผู้แต่ง [รุจา ภู่ไพบูลย์]

    หัวเรื่อง [Nursing]
    หัวเรื่อง [การพยาบาล]
    หัวเรื่อง [สารสนเทศ]

BibComment


ยังไม่เคยถูกคอมเมนท์

คอมเมนท์ทรัพยากรรายการนี้
  คอมเมนท์: พยาบาลสารสนเทศ ..


 Copyright 2026. Bcnsprnw @Library